Lawyer's Merriments (Record no. 1311874)

MARC details
000 -LEADER
fixed length control field 00420nam a2200157Ia 4500
005 - DATE AND TIME OF LATEST TRANSACTION
control field 20250612171059.0
008 - FIXED-LENGTH DATA ELEMENTS--GENERAL INFORMATION
fixed length control field 008 250505s9999 xx 000 0 eng d
020 ## - INTERNATIONAL STANDARD BOOK NUMBER
International Standard Book Number 9789393850829
040 ## - CATALOGING SOURCE
Language of cataloging eng
Transcribing agency ILCL
041 ## - LANGUAGE CODE
Language code of text/sound track or separate title eng
Source of code eng
100 ## - MAIN ENTRY--PERSONAL NAME
Personal name Murray, David
245 #0 - TITLE STATEMENT
Title Lawyer's Merriments
260 ## - PUBLICATION, DISTRIBUTION, ETC.
Place of publication, distribution, etc. Delhi
Name of publisher, distributor, etc. Law and Justice Publishing Company
Date of publication, distribution, etc. 2023
300 ## - PHYSICAL DESCRIPTION
Extent 302p.
942 ## - ADDED ENTRY ELEMENTS (KOHA)
Koha item type Textbook
Source of classification or shelving scheme
999 ## -
-- 1311874
-- 1311874
Holdings
Withdrawn status Lost status Source of classification or shelving scheme Damaged status Not for loan Home library Current library Source of acquisition Cost, normal purchase price Inventory number Total checkouts Full call number Barcode Date last seen Price effective from Koha item type
    Colon Classification (CC)     Integrated Law Course library Integrated Law Course library Apple Books 525.00 003 dt. 03-07-2024   Z3,853(S:521)v E2 IL1863034 2025-05-06 2025-05-06 Textbook
    Colon Classification (CC)     Integrated Law Course library Integrated Law Course library Singhal Publications 525.00 2526 dt. 26-06-2024   Z3,853(S:521)v E2 IL1863409 2025-05-06 2025-05-06 Textbook
Copyright @ Delhi University Library System